000 01089 a2200241 4500
003 OSt
005 20230322104917.0
008 220726s2016 mx a||||r|||| 00| 0 spa d
020 _a9786079161286
040 _cCHAP
082 0 4 _a333.953213097267
_bJ56
_222
100 1 _9186427
_aJiménez Márquez, María del Pilar
245 1 0 _aElementos territoriales del desarrollo rural :
_bel tejido productivo de vainilla en el sur de Quintana Roo, México /
_cpor María del Pilar Jiménez Márquez, Héctor Manuel Cortez Yacila y Minerva Alavez San Pedro.
264 1 _aMéxico, D.F. :
_aQuintana Roo, México :
_aTlaxcala, México :
_bPlaza y Valdés;
_bUniversidad del Caribe;
_bEl Colegio de Tlaxcala,
_c2016.
300 _a102 páginas.
_bcuadros, mapas.
504 _aIncluye bibliografía.
650 2 _9117209
_aVainilla
_xRendimiento
650 2 _9186404
_aVainilla
_xAspectos económicos
_zQuintana Roo
650 2 _931988
_aDesarrollo de la comunidad
_zQuintana Roo
700 1 _9185211
_aCortez Yacila, Héctor Manuel
700 1 _9186428
_aAlavez San Pedro, Minerva
942 _2ddc
_cLIBRO
999 _c217350
_d217350